<?xml version="1.0" encoding="UTF-8"?><?xml-stylesheet type="text/xsl" href="static/style.xsl"?><OAI-PMH xmlns="http://www.openarchives.org/OAI/2.0/" xmlns:xsi="http://www.w3.org/2001/XMLSchema-instance" xsi:schemaLocation="http://www.openarchives.org/OAI/2.0/ http://www.openarchives.org/OAI/2.0/OAI-PMH.xsd"><responseDate>2026-06-29T01:17:32Z</responseDate><request verb="GetRecord" identifier="oai:docta.ucm.es:20.500.14352/122681" metadataPrefix="marc">https://docta.ucm.es/rest/oai/request</request><GetRecord><record><header><identifier>oai:docta.ucm.es:20.500.14352/122681</identifier><datestamp>2025-07-22T08:25:46Z</datestamp><setSpec>com_20.500.14352_14</setSpec><setSpec>col_20.500.14352_15</setSpec></header><metadata><record xmlns="http://www.loc.gov/MARC21/slim" xmlns:dcterms="http://purl.org/dc/terms/" xmlns:xsi="http://www.w3.org/2001/XMLSchema-instance" xmlns:doc="http://www.lyncode.com/xoai" xsi:schemaLocation="http://www.loc.gov/MARC21/slim http://www.loc.gov/standards/marcxml/schema/MARC21slim.xsd">
   <leader>00925njm 22002777a 4500</leader>
   <datafield ind2=" " ind1=" " tag="042">
      <subfield code="a">dc</subfield>
   </datafield>
   <datafield ind2=" " ind1=" " tag="720">
      <subfield code="a">Cañadas García, Teresa</subfield>
      <subfield code="e">author</subfield>
   </datafield>
   <datafield ind2=" " ind1=" " tag="260">
      <subfield code="c">2024-05-08</subfield>
   </datafield>
   <datafield ind2=" " ind1=" " tag="520">
      <subfield code="a">This contribution seeks to analyse, from a theoretical standpoint, the ways traditional tales are recycled as an important part of children’s and young adult’s literature. This article is based on the idea that traditional tales have their origins in such defining features as orality, universality and cohesive capacity, features that enhance their propensity for re- elaboration, re- appropriation and re- use processes. Furthermore, intertextuality and recycling will be considered as narrative strategies that belong to children’s literature in the way conceived by Gianni Rodari in his Grammatica della fantasia ([1973] 2018) [The Grammar of Fantasy], ideological and politically correct strategies like those of James Finn Garner (1994) and acculturation strategies such as the ones that have become highly recurrent in recent years and that adapt traditional tales to today’s technological and postdigital world, as in the novels starring princesses by Nina MacKay (2016).</subfield>
   </datafield>
   <datafield ind1="8" ind2=" " tag="024">
      <subfield code="a">Cañadas García, T. (2024). Literary Recycling of Traditional Tales. The Path towards the Postdigital Traditional Tale. En M. Llamas Ubieto &amp; J. Vollmeyer (eds.), Cultural Recycling in the Postdigital Age (pp. 253-267). Peter Lang.</subfield>
   </datafield>
   <datafield ind1="8" ind2=" " tag="024">
      <subfield code="a">10.3726/b21438</subfield>
   </datafield>
   <datafield ind1="8" ind2=" " tag="024">
      <subfield code="a">https://hdl.handle.net/20.500.14352/122681</subfield>
   </datafield>
   <datafield ind1="8" ind2=" " tag="024">
      <subfield code="a">https://www.peterlang.com/document/1398284</subfield>
   </datafield>
   <datafield ind2="0" ind1="0" tag="245">
      <subfield code="a">Literary Recycling of Traditional Tales. The Path towards the Postdigital Traditional Tale</subfield>
   </datafield>
</record></metadata></record></GetRecord></OAI-PMH>